AEW Wrestler nicknames - Statistics

General Stats
  • This quiz has been taken 288 times
  • The average score is 11 of 13
Answer Stats
Nickname Wrestler % Correct
Hangman Adam Page
97%
The American Dragon Bryan Danielson
94%
Samoan Submission Machine Samoa Joe
94%
Judas Chris Jericho
90%
Limitless Keith Lee
89%
Doctor Britt Baker
85%
Straight-Edge Superstar CM Punk
85%
Salt of the Earth MJF
82%
Spanish God Sammy Guevara
82%
The Natural Dustin Rhodes
77%
The Redeemer Miro
73%
Mad King Eddie Kingston
71%
Boom Boom Colt Cabana
49%
No matching quizzes found
Score Distribution
Percent of People with Each Score
Percentile by Number Answered
Your Score History
You have not taken this quiz